000 00906nam a2200229 i 4500
001 109196
003 ES-MaACL
005 20250903025426.0
007 t|
008 061121s1967 sp r ||||1| spa d
100 1 _aMüller, Claus.
_9165916
245 1 0 _aLecciones sobre la teoría de las funciones esféricas /
_cClaus Müller.
260 _aZaragoza :
_bSeminario Matemático García de Galdeano,
_c1967.
300 _a45 p. ;
_c24 cm.
490 1 _aPublicaciones del Seminario Matemático García de Galdeano ;
_v9
594 _aPrecede al tít.: Consejo Superior de Investigaciones Científicas. Facultad de Ciencias de Zaragoza.
650 4 _aFunciones armónicas.
_9165917
650 4 _aFunciones esféricas.
_9165918
830 0 0 _aPublicaciones del Seminario Matemático García de Galdeano
_v9
_9232967
852 _aES-MaACL
_j2062-F-28
_bR.65581
999 _c109196
_d109196